000 00402nam a22001697a 4500
003 SGT
020 _a9789386293213
082 _a616.024
_bM22C
100 _aCHALMERS, CLAIRE R.
245 _aMRCS PART A : ESSENTIALS REVISION NOTES BOOK-1
250 _a1ST
260 _aINDIA
_bTHIEME PUB
_c2022
300 _a912
650 _aGENERAL MEDICINE
653 _aREVISION NOTES
942 _2ddc
_cBK
999 _c30772
_d30772